[Event "ISR-chT"]
[Site "Ramat Aviv"]
[Date "2000.03.03"]
[Round "4.4"]
[White "Oratovsky, Michael"]
[Black "Reznikov, Victoria"]
[Result "1-0"]
[WhiteElo "2491"]
[BlackElo "2010"]
[PlyCount "77"]
[EventDate "2000.01.14"]
[EventType "team"]
[EventRounds "11"]
[EventCountry "ISR"]
[SourceTitle "CBM 077"]
[Source "ChessBase"]
[SourceDate "2000.07.27"]
[SourceVersion "1"]
[SourceVersionDate "2000.07.27"]
[SourceQuality "1"]
[WhiteTeam "Petah Tikva Elitzur"]
[BlackTeam "Kfar Saba"]
[WhiteTeamCountry "ISR"]
[BlackTeamCountry "ISR"]

1. e4 c5 2. Nf3 Nc6 3. Bb5 e6 4. Bxc6 bxc6 5. d3 Ne7 6. h4 d5 7. c4 h5 8. Qe2 Ng6 9. e5 Be7 10. Nc3 Ba6 11. g3 Rb8 12. b3 Qd7 13. Na4 Qc7 14. 0-0 Nf8 15. Bg5 Nd7 16. Bxe7 Kxe7 17. Qe3 Qa5 18. Rac1 Rbc8 19. Rc2 Rh6 20. Rfc1 d4 21. Qg5+ Kf8 22. Qd2 Qxd2 23. Nxd2 Rc7 24. f4 f5 25. exf6 Rxf6 26. Ne4 Rf5 27. Nd6 Rf6 28. Ne4 Rf5 29. Ng5 Ke7 30. Re2 Nf8 31. Rce1 Bc8 32. Re5 Kf6 33. Nxc5 Re7 34. Nge4+ Kg6 35. Nd6 Rxe5 36. fxe5 Bd7 37. Rf1 Nh7 38. Rf4 Kh6 39. Rf7 1-0